|
|
|
|
| LEADER |
00000cam a22000004a 4500 |
| 001 |
musev2_72499 |
| 003 |
MdBmJHUP |
| 005 |
20230905051449.0 |
| 006 |
m o d |
| 007 |
cr||||||||nn|n |
| 008 |
961129s1997 nyu o 00 0 eng d |
| 020 |
|
|
|a 9781501724190
|
| 020 |
|
|
|z 9780801430930
|
| 020 |
|
|
|z 9780801473807
|
| 035 |
|
|
|a (OCoLC)1057863238
|
| 040 |
|
|
|a MdBmJHUP
|c MdBmJHUP
|
| 100 |
1 |
|
|a Francis, Richard.
|
| 245 |
1 |
0 |
|a Transcendental Utopias :
|b Individual and Community at Brook Farm, Fruitlands, and Walden /
|c Richard Francis.
|
| 264 |
|
1 |
|a Ithaca, N.Y. :
|b Cornell University Press,
|c 1997.
|
| 264 |
|
3 |
|a Baltimore, Md. :
|b Project MUSE,
|c 2021
|
| 264 |
|
4 |
|c ©1997.
|
| 300 |
|
|
|a 1 online resource (264 pages).
|
| 336 |
|
|
|a text
|b txt
|2 rdacontent
|
| 337 |
|
|
|a computer
|b c
|2 rdamedia
|
| 338 |
|
|
|a online resource
|b cr
|2 rdacarrier
|
| 588 |
|
|
|a Description based on print version record.
|
| 610 |
2 |
7 |
|a Brook Farm Phalanx (West Roxbury, Boston, Mass.)
|2 fast
|0 (OCoLC)fst00610407
|
| 610 |
2 |
0 |
|a Brook Farm Phalanx (West Roxbury, Boston, Mass.)
|
| 650 |
|
7 |
|a Transcendentalism
|z Förenta Staterna.
|2 sao
|
| 650 |
|
7 |
|a Utopias.
|2 fast
|0 (OCoLC)fst01163359
|
| 650 |
|
7 |
|a Transcendentalism (New England)
|2 fast
|0 (OCoLC)fst01154551
|
| 650 |
|
4 |
|a Utopier
|z Förenta Staterna.
|
| 650 |
|
0 |
|a Transcendentalism (New England)
|
| 650 |
|
0 |
|a Utopias
|z Massachusetts
|v Case studies.
|
| 651 |
|
7 |
|a Massachusetts
|z Walden Woods.
|2 fast
|0 (OCoLC)fst01268910
|
| 651 |
|
7 |
|a Massachusetts
|z Harvard
|z Fruitlands.
|2 fast
|0 (OCoLC)fst01712038
|
| 651 |
|
7 |
|a Massachusetts.
|2 fast
|0 (OCoLC)fst01204307
|
| 651 |
|
0 |
|a Walden Woods (Mass.)
|
| 651 |
|
0 |
|a Fruitlands (Harvard, Mass.)
|
| 655 |
|
7 |
|a Case studies.
|2 fast
|0 (OCoLC)fst01423765
|
| 655 |
|
7 |
|a Electronic books.
|2 local
|
| 710 |
2 |
|
|a Project Muse.
|e distributor
|
| 830 |
|
0 |
|a Book collections on Project MUSE.
|
| 856 |
4 |
0 |
|z Texto completo
|u https://projectmuse.uam.elogim.com/book/72499/
|
| 945 |
|
|
|a Project MUSE - Custom Collection
|
| 945 |
|
|
|a Project MUSE - Archive Complete Supplement IX
|
| 945 |
|
|
|a Project MUSE - Archive US Regional Studies, New England and Mid Atlantic Supplement IX
|